000 00947nam a2200241Ii 4500
003 JO-AjNU
008 230605s9999||||xx |||||||||||||| ||und||
017 _a2004/20523
020 _a977-271-721-2
040 _aJO-AjNU
_bara
_erda
_cJO-AjNU
041 _aara
050 1 4 _aNA6183.A5522 2005
100 3 _aمحمد علي ,أحمد رجب تأليف,
_eauthor
_96957
245 0 0 _aتاريخ وعمارة المزارات والأضرحة الأثرية الإسلامية في الهند
250 _aط1
264 3 1 _aالقاهرة:الدار المصرية اللبنانية، 2005
300 _a290ص
336 _atext
_btxt
_2rdacontent
337 _aunmediated
_bn
_2rdamedia
338 _avolume
_bnc
_2rdacarrier
490 0 _aسلسلة الأثار في شرق العالم الإسلامي (2)
650 4 _aتاريخ-الهند-تاريخ وعمارة المزارات والأضرحة-الأثار الأسلامية
_96958
999 _aA36
_c3604
_d3604